Movies Set in Las Vegas - Sudden Death - Statistics

General Stats
  • This quiz has been taken 532 times
  • The average score is 7 of 20
Answers on the Grid
Answers color-coded by a green-red scale on the quiz's grid according to % correct below.
The Hangover
Ocean's Eleven
Casino
Swingers
21
Diamonds Are Forever
Go
Showgirls
Con Air
Austin Powers
Rain Man
The Cincinnati Kid
The Last Showgirl
Molly’s Game
Fear and Loathing in
Las Vegas
CSI
Pawn Stars
The Gambler
Owning Mahowny
Rounders
Mississippi Grind
Hard Eight
Croupier
California Split
Maverick
6 Underground
Now You See Me
Indecent Proposal
Midnight Run
The Castle
 
Answer Stats
Answer % Correct
Casino
69%
The Hangover
67%
Fear and Loathing in
Las Vegas
66%
Ocean's Eleven
65%
Rain Man
47%
Showgirls
45%
21
37%
Now You See Me
37%
The Gambler
37%
The Last Showgirl
36%
CSI
28%
Con Air
27%
Indecent Proposal
27%
Pawn Stars
27%
Diamonds Are Forever
25%
Austin Powers
23%
Swingers
21%
Midnight Run
13%
Go
6%
The Castle
5%
No matching quizzes found
Score Distribution
Percent of People with Each Score
Percentile by Number Answered
Your Score History
You have not taken this quiz